000 01701nam a22004937a 4500
003 OSt
005 20230322144816.0
008 221006b |||||||| |||| 00| 0 eng d
040 _cBiblioteca Lado V
082 _a701.1
_bS744a
100 _9795
_aSrendni de Birbragher, Celia
_eeditora
_edirectora
245 _aArtNexus/
260 _bAsociación de Revistas Culturales
_c2010
_aU.S.A.
_aColombia
300 _c21x28cm
_a189p.
366 _eeng
490 _a79
_v2010
_v9
_x0121 5639
505 _tBetsabee Romero
505 _tDomino Canibal
505 _tGraciela Sacco
505 _tJavier Tellez
505 _t29 Bienal de Sao Paulo
505 _tPhotoespaña 2010
505 _tSalpicon y Compota
505 _tBienal Brasileña de Diseño 2010
505 _tEugenio Dittborn
505 _tCarte de N.Y. Rafael Ferrer
505 _tCronicas
505 _tExposiciones colectivas
505 _tReseña de libro
505 _tGuía de Galerías y Museos
505 _tLibros y Catalogos
505 _tLibros para la venta
650 _2Tesauro de Arte & Arquitectura
_aARTE
_9703
650 _2Tesauro de Arte & Arquitectura
_aEXPOSICIONES
650 _2Tesauro de Arte & Arquitectura
_aESCULTURA
650 _2Tesauro de Arte & Arquitectura
_aBIENAL
650 _2Tesauro de Arte & Arquitectura
_aAPRECIACION
650 _2Tesauro de Arte & Arquitectura
_aTEORIA
650 _2Tesauro de Arte & Arquitectura
_aCRITICA
650 _2Tesauro de Arte & Arquitectura
_aFOTOGRAFIA
_9702
650 _2Tesauro de Arte & Arquitectura
_aLITERATURA
651 _2Tesauro de Arte & Arquitectura
_aCOLOMBIA
942 _2ddc
_c1
_h701.1
_iS744a
_n0
999 _c3270
_d3270